| 000 | 00523nam a22001697a 4500 | ||
|---|---|---|---|
| 005 | 20251108164320.0 | ||
| 008 | 250721s1993 xx 000 0 ara d | ||
| 082 | 1 | 4 | _a418.2/عبد |
| 100 | 1 | _aالشيخ، عبد الواحد حسن | |
| 245 | 1 | 0 | _aقواعد الكتابة العربية و الإنشاء / |
| 264 | 1 |
_aالاسكندرية : _bمؤسسة شباب الجامعة، _c1993. |
|
| 300 | _a334ص | ||
| 650 | 1 | 7 | _aاللغة العربية |
| 650 | 1 | 7 | _aالتعبير |
| 942 |
_2ddc _cBK |
||
| 999 |
_c9129 _d9129 |
||